[Event "Dublin Irish op"]
[Site "Dublin"]
[Date "2019.04.18"]
[Round "2"]
[White "Boyle, Bernard"]
[Black "Bergin, Cian"]
[Result "1-0"]
[WhiteElo "1799"]
[BlackElo "1512"]
[PlyCount "149"]
[EventDate "2019.04.17"]
[EventType "swiss"]
[EventRounds "9"]
[EventCountry "IRL"]
[SourceTitle "CBM 190 Extra"]
[Source "ChessBase"]
[SourceDate "2019.07.15"]
[SourceVersion "1"]
[SourceVersionDate "2019.07.15"]
[SourceQuality "1"]

1. d4 Nf6 2. Nf3 d5 3. Bf4 c5 4. e3 Nc6 5. c3 Qb6 6. Qc2 Bf5 7. dxc5 Bxc2 8. cxb6 axb6 9. Na3 Be4 10. Nb5 Rc8 11. Nbd4 Bxf3 12. Nxf3 e6 13. Bb5 Ne4 14. 0-0 Bd6 15. Rad1 0-0 16. Bd3 Bxf4 17. exf4 Nf6 18. Ne5 Ra8 19. Bb1 Ra4 20. g3 Rc8 21. Kg2 b5 22. Nd3 b6 23. Rfe1 Rc4 24. Ne5 Nxe5 25. fxe5 Nd7 26. Bd3 R4c5 27. f4 Ra8 28. Bb1 Rc4 29. Re3 Rca4 30. a3 Nc5 31. Re2 R4a7 32. Rd4 Ra4 33. Rd1 R4a7 34. Bc2 Rc8 35. Rd4 Na4 36. Bd3 Ra5 37. Rb4 Rc5 38. f5 exf5 39. Bxf5 g6 40. Bd7 Rc4 41. Rxb5 Nc5 42. Rxa5 bxa5 43. Bc6 d4 44. cxd4 Rxd4 45. Rc2 Nd3 46. Kf1 Nxe5 47. Bb5 Ng4 48. Rc8+ Kg7 49. h3 Nh2+ 50. Ke1 Nf3+ 51. Ke2 Ng5 52. h4 Rd5 53. a4 Ne4 54. Kf3 Nd6 55. Rb8 Rf5+ 56. Ke3 Re5+ 57. Kd4 Re4+ 58. Kd5 Re6 59. Bd7 Rf6 60. Rb6 Ne4 61. Rxf6 Nxf6+ 62. Kc6 Ne4 63. Kb5 Nxg3 64. Kxa5 f5 65. Kb6 Ne4 66. a5 Nf6 67. Bc6 Ne4 68. a6 Nd6 69. Kc7 Nc4 70. a7 Nxb2 71. a8Q Nc4 72. Qe8 f4 73. Qe7+ Kh6 74. Qg5+ Kg7 75. Qxf4 1-0